Genetika na prahu 21. storočia

Saved in:
Bibliographic Details
Main Author: Hončariv, Róbert
Format: Book
Language:Slovak
Published: Bratislava Obzor 1985
Series:Ľudstvo na prahu 21. storočia
Tags: Add Tag
No Tags, Be the first to tag this record!

MARC

LEADER 00000nam a2200000 4500
001 c108613
005 20221128065811.9
041 0 |a slo 
044 |a SK 
245 1 0 |a Genetika na prahu 21. storočia  |c Róbert Hončariv 
264 1 |a Bratislava  |b Obzor  |c 1985 
300 |a 314 s. 
490 1 |a Ľudstvo na prahu 21. storočia 
830 0 |a Ľudstvo na prahu 21. storočia 
100 1 |a Hončariv, Róbert